000 00888nam a2200241 4500
005 2009081007067.0
008 710915s1962 ohua 000 0 eng
010 _aENG-94696
020 _a9788189975555
_c250.00
035 _aEN-78229
037 _bDBAD / PUB
040 _adpl
_bEnglish
082 _a510
100 _aVakil, Ravi
110 _aCleveland Institute of Electronics.
245 _aA mathematical mosaic:
_cby Ravi Vakil
_bpatterns & problem solving /
260 _aNew Delhi
_cWestland
_b2009
270 _aF-5, Okhla Industrial Area, Phase-I, Mezzanine Floor,
_bNew Delhi
_e110020
300 _a286p.:
_c24cm(pbk)
_bill.
500 _aIncludes references and index
942 _2ddc
_cEN
_mVAK
_h510
999 _c29072
_d29072